History of Islam - Statistics

General Stats
  • This quiz has been taken 805 times
  • The average score is 11 of 23
Answer Stats
Hint Answer % Correct
570 The prophet is born in this city Mecca
98%
610 This angel reveals the Quran to the Prophet Gabriel
82%
632 This first pilgrimage to Mecca, or this, is made Hajj
71%
1948 The Holy Land is split between Jews in Israel and Arabs in _______ Palestine
68%
1947 India is split between Hindus (India) and Muslims (_______) Pakistan
64%
633 This person becomes the next Caliph Abu Bakr
61%
820 This modern type of this math is created by al-Khwarizmi Algebra
59%
1918 This "Caliphate", the last major one, is ended Ottoman Empire
59%
1453 This city is conquered by Muslims ending the Byzantine Empire Istanbul
57%
622 Muhammad's migration to Medina, also known as this Hijra
55%
1492 The reconquista happens, meaning Muslims are kicked out of this country Spain
53%
762 This city becomes the capital of the Caliphate Baghdad
51%
1096 Christians attempt to take back the holy land from the Muslims in the first of these Crusades
49%
1261 Baghdad is raided by these people Mongols
44%
750 This caliphate brings the empire to its greatest extent Umayyad
40%
1526 This Muslim Empire rules India Mughal Empire
38%
711 This group of people conquers Iberia Moors
35%
751 The next series of Caliphs begin with this name Abbasid
31%
872 The first modern hospital is founded in this city Cairo
25%
732 Muslims are defeated by the Franks at this battle Battle of {Tours}
22%
751 The Caliphate defeats this country at the battle of Talas China
11%
2015 2,000 Muslims die during the Hajj while camping in this city Mina
9%
1000 Al-Zharawi writes a book on this practice, which is used in Europe for 500 years Surgery
8%
No matching quizzes found
Score Distribution
Percent of People with Each Score
Percentile by Number Answered
Your Score History
You have not taken this quiz